[Event "RUS-chT"]
[Site "Orel"]
[Date "1997.??.??"]
[Round "?"]
[White "Maiorov, Oleg"]
[Black "Bondar, Ilya"]
[Result "1/2-1/2"]
[WhiteElo "2435"]
[BlackElo "2280"]

1.e4 c5 2.Nf3 e6 3.d4 cxd4 4.Nxd4 Nc6 5.Nb5 d6 6.c4 Nf6 7.N1c3 a6 8.Na3 Be7
9.Be3 O-O 10.Be2 b6 11.O-O Bb7 12.Rc1 Ne5 13.Qd4 Nfd7 14.Rfd1 Qc7 15.f4 Nc6
16.Qd2 Nc5 17.Bf3 Qb8 18.Nc2 Rd8 19.Rb1 Bf6 20.Nd4 Nxd4 21.Bxd4 e5 22.Bxc5 dxc5
23.Nd5 Bxd5 24.exd5 exf4 25.d6 Bd4+ 26.Kh1 Ra7 27.Qxf4 Qxd6 28.Qxd6 Rxd6
29.Re1 Kf8 30.Re2  1/2-1/2

[Event "Ozery op2 Seniors"]
[Site "Ozery"]
[Date "1997.??.??"]
[Round "2"]
[White "Gruzmann, Boris"]
[Black "Terentiev, Vitaly G"]
[Result "0-1"]
[WhiteElo "2280"]
[BlackElo "2395"]

1.e4 c5 2.Nf3 e6 3.d4 cxd4 4.Nxd4 Nc6 5.Nb5 d6 6.c4 Nf6 7.N1c3 a6 8.Na3 Be7
9.Be2 O-O 10.O-O b6 11.Be3 Bb7 12.f3 Ra7 13.Qb3 Nd7 14.Rfd1 Ba8 15.Rd2 Qb8
16.Qd1 Rd8 17.Rc1 Nce5 18.Nc2 Rc7 19.Qf1 Rdc8 20.Na3 h6 21.f4 Ng6 22.Nab1 Nf6
23.Bd3 Ng4 24.Bd4 e5 25.fxe5 dxe5 26.Bf2 Nxf2 27.Kxf2 Bg5 28.Nd5 Bxd5 29.exd5 b5
30.Re1 Qb6+ 31.Kg3  0-1

[Event "Ozery op2 Seniors"]
[Site "Ozery"]
[Date "1997.??.??"]
[Round "8"]
[White "Khasin, Abram"]
[Black "Terentiev, Vitaly G"]
[Result "1/2-1/2"]
[WhiteElo "2420"]
[BlackElo "2395"]

1.e4 c5 2.Nf3 e6 3.d4 cxd4 4.Nxd4 Nc6 5.Nb5 d6 6.c4 Nf6 7.N1c3 a6 8.Na3 Be7
9.Be3 b6 10.Be2 O-O 11.O-O Bb7 12.f3 Ne5 13.Qd4 Ned7 14.Rfd1 Qc7 15.Rac1 Rac8
16.Nab1 Rfe8 17.b4 Qb8 18.a3 Bd8 19.Kh1 Bc7 20.Bf1 Rcd8 21.Nd2 d5 22.cxd5 exd5
23.Nxd5 Nxd5 24.exd5 Nf6 25.Ne4  1/2-1/2

[Event "Ozery op2 Seniors"]
[Site "Ozery"]
[Date "1997.??.??"]
[Round "8"]
[White "Ryzhkov, Yury"]
[Black "Osnos, Viatcheslav"]
[Result "1/2-1/2"]
[WhiteElo "2285"]
[BlackElo "2430"]

1.e4 c5 2.Nf3 e6 3.d4 cxd4 4.Nxd4 Nc6 5.Nb5 d6 6.Bf4 e5 7.Be3 a6 8.N5c3 Nf6
9.Bg5 Be7 10.Bxf6 Bxf6 11.Nd5 Bg5 12.Nbc3 Be6 13.Bd3  1/2-1/2

[Event "World op"]
[Site "Philadelphia"]
[Date "1997.??.??"]
[Round "6"]
[White "Zaichik, Gennadi"]
[Black "McCarthy, Brian"]
[Result "0-1"]
[WhiteElo "2540"]
[BlackElo "2235"]

1.e4 c5 2.Nf3 e6 3.d4 cxd4 4.Nxd4 Nc6 5.Nb5 d6 6.c4 Nf6 7.N1c3 a6 8.Na3 b6
9.Be2 Bb7 10.O-O Nb8 11.Qc2 Nbd7 12.f4 Be7 13.Bf3 Qc7 14.Be3 Rc8 15.Rac1 h6
16.b4 O-O 17.Qb3 Rfe8 18.Kh1 Bf8 19.Qb1 Qb8 20.Qd3 e5 21.f5 d5 22.Nxd5 Bxd5
23.cxd5 Bxb4 24.Qxa6 Rxc1 25.Rxc1 Bc5 26.Bxc5 Nxc5 27.Qc4 Qa7 28.Nb5 Qa5
29.Nc3 Qa3 30.Rb1 b5 31.Nxb5 Qe3 32.Nc3 Nd3 33.h3 Nf2+ 34.Kh2 Qf4+ 35.Kg1 Nxh3+
36.gxh3 Qxf3 37.d6 Qg3+ 38.Kf1 Qxh3+ 39.Ke2 Qg2+ 40.Ke1 Ng4 41.Qe2 Qg3+ 42.Kd2 Rd8
43.Rb6 Nh2 44.Kc2 Nf3 45.Kb2 Nd4 46.Qd2 h5 47.f6 h4 48.fxg7 Qxg7 49.Qf2 h3
50.Ka3 Qg2 51.Rb2 Rxd6 52.Kb4 Nc6+ 53.Kb3 Nd4+ 54.Ka3  0-1

[Event "ESP-chT"]
[Site "Ponferrada"]
[Date "1997.??.??"]
[Round "7"]
[White "Spraggett, Kevin"]
[Black "Cramling, Pia"]
[Result "1-0"]
[WhiteElo "2575"]
[BlackElo "2520"]

1.e4 c5 2.Nf3 e6 3.d4 cxd4 4.Nxd4 Nc6 5.Nb5 d6 6.Bf4 e5 7.Be3 a6 8.N5c3 Nf6
9.Bg5 Be7 10.Nd2 Be6 11.Nc4 Nd4 12.Bd3 Rc8 13.Bxf6 Bxf6 14.Ne3 Bg5 15.Ncd5 Bxe3
16.Nxe3 Qb6 17.c3 Nc6 18.Qd2 Ne7 19.O-O O-O 20.Rfe1 Rfd8 21.c4 Nc6 22.Rac1 Nd4
23.Rc3 Rd7 24.Kh1 Qd8 25.f3 Qg5 26.Rd1 Rdc7 27.Bf1 h6 28.b3 Kf8 29.Qb2 b5
30.Rdc1 Qd8 31.Qd2 Rc5 32.Rd1 Qg5 33.Qf2 Qe7 34.Rcc1 Kg8 35.Rb1 R5c7 36.Rb2 Kf8
37.Rbd2 Qf6 38.Bd3 Rc6 39.Qf1 Qf4 40.Qf2 Qf6 41.Rf1 Rc5 42.Qe1 Kg8 43.Rdf2 Qd8
44.Qd2 Qg5 45.f4 exf4 46.Rxf4 Nc6 47.cxb5 axb5 48.b4 Re5 49.Bb1 Qd8 50.a3 Rc7
51.Ba2 Bxa2 52.Qxa2 Qe8 53.Qc2 Ra7 54.Qd3 Re6 55.Qxb5 Ne5 56.Qb6 Rxa3 57.Nd5 Qc8
58.R4f2 Nc4 59.Qd4 Ne5 60.b5 Qc5 61.Qd2 Rd3 62.Qf4 Qxb5 63.Nc7 Qd7 64.Nxe6 Qxe6
65.Qf5 Qb3 66.h3 Rd1 67.Rxd1 Qxd1+ 68.Rf1 Qc2 69.Ra1 Qc6 70.Rb1 Qc7 71.Ra1 Qb7
72.Rc1 Nd7 73.Rd1 Qc6 74.Kh2 Qc7 75.Qf4 Nf6 76.Rd4 Qe7 77.Ra4 Kh7 78.Rd4 g6
79.Kg1 Kg7 80.Rxd6 Nxe4 81.Rc6 Qa7+ 82.Kh2 Qe7 83.Rc4 Nd6 84.Rc6 Nf5 85.Qb8 Qe3
86.Qb2+ Qd4 87.Qb8 Qe3 88.Rc8 Qd4 89.Rd8 Qc5 90.Qb2+ f6 91.Rd7+ Ne7 92.Qe2  1-0

[Event "CZE-ch U20"]
[Site "Prague"]
[Date "1997.??.??"]
[Round "1"]
[White "Pachmann, Ales"]
[Black "Novak, Pavel"]
[Result "1-0"]
[WhiteElo "2270"]
[BlackElo "2215"]

1.e4 c5 2.Nf3 e6 3.d4 cxd4 4.Nxd4 Nc6 5.Nb5 d6 6.c4 Nf6 7.N1c3 a6 8.Na3 Be7
9.Be2 O-O 10.O-O Ne5 11.Be3 b6 12.Rc1 Bb7 13.f3 Rc8 14.Qb3 Nfd7 15.Rfd1 Qc7
16.Rd2 Nc5 17.Qd1 f5 18.exf5 Rxf5 19.Nc2 h6 20.f4 Ng6 21.Nd4 Rxf4 22.b4 Rf6
23.bxc5 bxc5 24.Nf3 Nf4 25.Bxf4 Rxf4 26.Qc2 Bf6 27.Qg6 Bxf3 28.gxf3 Qe7 29.Kg2 Rf5
30.Nd5 Rxd5 31.cxd5 Bg5 32.Rcd1 Bxd2 33.Rxd2 exd5 34.Qf5 Rb8 35.Qxd5+ Kh8
36.Bxa6 Rb6 37.Bc4 Qg5+ 38.Qxg5 hxg5 39.a4  1-0

[Event "CZE-ch U20"]
[Site "Prague"]
[Date "1997.??.??"]
[Round "7"]
[White "Pachmann, Ales"]
[Black "Kubala, Petr"]
[Result "0-1"]
[WhiteElo "2270"]
[BlackElo "2305"]

1.e4 c5 2.Nf3 e6 3.d4 cxd4 4.Nxd4 Nc6 5.Nb5 d6 6.Bf4 e5 7.Be3 Nf6 8.Bg5 Be6
9.N1c3 a6 10.Bxf6 gxf6 11.Na3 d5 12.Nxd5 Bxa3 13.bxa3 f5 14.Bc4 Qa5+ 15.Qd2 Qxd2+
16.Kxd2 O-O-O 17.f3 Ne7 18.Ke3 Nxd5+ 19.exd5 Bxd5 20.Bd3 f4+ 21.Kf2 Rd6 22.Rhd1 Kc7
23.Be4 Bxe4 24.Rxd6 Kxd6 25.fxe4 Rc8 26.Rd1+ Ke6 27.Rd2 Rc4 28.Kf3 b5 29.h4 h5  0-1

[Event "RUS-Cup8"]
[Site "Smolensk"]
[Date "1997.??.??"]
[Round "1"]
[White "Meshkov, Yuri A"]
[Black "Kuporosov, Viktor"]
[Result "1/2-1/2"]
[WhiteElo "2295"]
[BlackElo "2500"]

1.e4 c5 2.Nf3 e6 3.d4 cxd4 4.Nxd4 Nc6 5.Nb5 d6 6.c4 Nf6 7.N5c3 Be7 8.g3 O-O
9.Bg2 a6 10.O-O Rb8 11.Na3 Bd7  1/2-1/2

[Event "SWZ-chT9697"]
[Site "SWZ"]
[Date "1997.??.??"]
[Round "?"]
[White "Borner, Daniel"]
[Black "Pytel, Martin"]
[Result "1-0"]
[WhiteElo "2270"]
[BlackElo "2335"]

1.e4 c5 2.Nf3 e6 3.d4 cxd4 4.Nxd4 Nc6 5.Nb5 d6 6.Bf4 e5 7.Be3 Nf6 8.Bg5 a6
9.Bxf6 gxf6 10.N5c3 Be6 11.Nd2 h5 12.Nc4 Nd4 13.Ne3 Qa5 14.Bd3 O-O-O 15.O-O Bh6
16.Ncd5 Bxd5 17.Nxd5 f5 18.b4 Qa3 19.c3 fxe4 20.Bxe4 Nc6 21.Qc2 b5 22.Rfb1 Kb7
23.Rb3 Qa4 24.Qb2 Na5 25.Ra3 Qxa3 26.Qxa3 Nc4 27.Qb3 f5 28.Bxf5 Nd2 29.Qc2 Rhg8
30.Be4 Rg4 31.f3 Rg7 32.Rd1 Nc4 33.Ne3+ Kb8 34.Nxc4 bxc4 35.Qe2  1-0

[Event "EST-ch"]
[Site "Tallinn"]
[Date "1997.??.??"]
[Round "6"]
[White "Zjukin, Sergei"]
[Black "Seeman, Tarvo"]
[Result "0-1"]
[WhiteElo "2390"]
[BlackElo "2355"]

1.e4 c5 2.Nf3 e6 3.d4 cxd4 4.Nxd4 Nc6 5.Nb5 d6 6.c4 Nf6 7.N1c3 a6 8.Na3 b6
9.Be2 Bb7 10.O-O Ne5 11.f4 Ned7 12.Bf3 Be7 13.g4 h6 14.h4 Nh7 15.Be3 Bxh4
16.Qxd6 Be7 17.Qd2 Qc7 18.Qg2 O-O 19.e5 Bxf3 20.Qxf3 Rad8 21.Ne4 f6 22.exf6 Ndxf6
23.Rac1 Rd3 24.Nf2 Rd7 25.c5 bxc5 26.Nc4 Nd5 27.Ne4 Ng5 28.Nxg5 Bxg5 29.Qe4 Bxf4
30.Qxe6+ Kh7 31.Qe4+ g6 32.Bxf4 Rxf4 33.Rxf4 Nxf4 34.Re1 Nh3+ 35.Kg2 Ng5
36.Qe3 Qc6+ 37.Kg3 Qd5 38.b3 Rf7 39.Ne5 Rf6 40.Re2 Qd6 41.Kg2 Re6 42.Qf4 Qd5+
43.Kg3 Qh1 44.Qe3 Qh3+ 45.Kf2 Qh2+  0-1

[Event "EU-ch U12"]
[Site "Tallinn"]
[Date "1997.??.??"]
[Round "8"]
[White "Mamedov, Nidjat"]
[Black "Guseinov, Kadir"]
[Result "1/2-1/2"]
[WhiteElo "2295"]
[BlackElo "2265"]

1.e4 c5 2.Nf3 e6 3.d4 cxd4 4.Nxd4 Nc6 5.Nb5 d6 6.c4 Nf6 7.N1c3 a6 8.Na3 d5
9.cxd5 exd5 10.exd5 Nb4 11.Be2 Nfxd5 12.Nxd5 Qxd5 13.Qxd5 Nxd5 14.Nc2 Bc5
15.O-O Be6 16.Bf3 O-O 17.Bxd5 Bxd5  1/2-1/2

[Event "JUG Cup"]
[Site "Ulcinj"]
[Date "1997.??.??"]
[Round "?"]
[White "Markovic, Ivan"]
[Black "Stojanovic, Mihajlo"]
[Result "1/2-1/2"]
[WhiteElo "2435"]
[BlackElo "2445"]

1.e4 c5 2.Nf3 e6 3.d4 cxd4 4.Nxd4 Nc6 5.Nb5 d6 6.Bf4 e5 7.Be3 a6 8.N5c3 Nf6
9.Bg5 Be7 10.Nd2 O-O 11.Nc4 Ne8 12.Bxe7 Qxe7 13.Nd5 Qh4 14.Bd3 Be6 15.Nce3 Nf6
16.Nxf6+ Qxf6 17.c3 Rfd8 18.O-O  1/2-1/2

[Event "JUG Cup (Women)"]
[Site "Ulcinj"]
[Date "1997.??.??"]
[Round "?"]
[White "Bjelajac Prokopovic, Olivera"]
[Black "Todorovic, Violeta"]
[Result "0-1"]
[WhiteElo "2080"]
[BlackElo "2135"]

1.e4 c5 2.Nf3 e6 3.d4 cxd4 4.Nxd4 Nc6 5.Nb5 d6 6.c4 a6 7.N5c3 Nf6 8.Be2 Be7
9.O-O b6 10.f4 Bb7 11.Bf3 Qc7 12.Qd3 O-O 13.Be3 Rac8 14.Nd2 d5 15.exd5 Nb4
16.Qb1 exd5 17.a3 Bc5 18.Bxc5 Qxc5+ 19.Kh1 Qe3 20.axb4 Qxd2 21.cxd5 Qxf4
22.Be4 Qe5 23.Rf5 Qd4 24.Bf3 h6 25.b5 a5 26.Ra4 Rc4 27.Ne2 Rc1+ 28.Qxc1 Qxa4
29.Nc3 Qd4 30.Ne2 Qd3 31.Re5 Qxb5 32.Nd4 Qd7 33.Nf5 Re8 34.Rxe8+ Nxe8 35.Qf4 Bc8
36.Nd4 Nf6 37.Qe5 Bb7 38.d6 Bxf3 39.Nxf3 Ne8 40.Qe7 Qxe7 41.dxe7 f6 42.Nd4 Kf7
43.Nf5 h5 44.Kg1 g6 45.Ne3 Nc7 46.Nc4 Nd5  0-1

[Event "Ubeda op"]
[Site "Ubeda"]
[Date "1998.01.22"]
[Round "3"]
[White "Degraeve, Jean Marc"]
[Black "Rodrigues, Adriano Pfuhl"]
[Result "1-0"]
[WhiteElo "2525"]
[BlackElo "2310"]

1.e4 c5 2.Nf3 e6 3.d4 cxd4 4.Nxd4 Nc6 5.Nb5 d6 6.Bf4 e5 7.Be3 f5 8.N1c3 a6
9.Nd5 axb5 10.Bb6 Qh4 11.Nc7+ Ke7 12.Nxa8 Qxe4+ 13.Qe2 Qa4 14.Nc7 Nd4 15.Bxd4 Qxd4
16.Qxb5 Nf6 17.Be2 Qe4 18.O-O Bd7 19.Qc4 Bc6 20.Qxe4 Bxe4 21.c4 g5 22.Rfd1 Bc6
23.Nd5+ Ke6 24.Nxf6 Kxf6 25.b4 Ba4 26.Rd5 b6 27.b5 Be7 28.Rc1 Rb8 29.Rc3 Ke6
30.g4 h5 31.gxf5+ Kxf5 32.Bd3+ Ke6 33.Bg6 Ra8 34.Bxh5  1-0

[Event "RUS-Cup02"]
[Site "Moscow"]
[Date "1998.01.24"]
[Round "4"]
[White "Galkin, Alexander"]
[Black "Beshukov, Sergei"]
[Result "1-0"]
[WhiteElo "2565"]
[BlackElo "2405"]

1.e4 c5 2.Nf3 Nc6 3.d4 cxd4 4.Nxd4 e6 5.Nb5 d6 6.c4 Nf6 7.N1c3 a6 8.Na3 d5
9.exd5 exd5 10.cxd5 Nb4 11.Be2 Nfxd5 12.O-O Be6 13.Qa4+ b5 14.Naxb5 axb5
15.Bxb5+ Ke7 16.Nxd5+ Nxd5 17.Qe4 f5 18.Qf3 Kf7 19.Rd1 Rc8 20.Ba4 Qa5 21.Bb3 Rd8
22.Bd2 Qb6 23.Bc3 Nf6 24.Rxd8 Qxd8 25.Bxf6 Kxf6 26.Qc3+ Kf7 27.Re1 Bxb3 28.Qxb3+ Kg6
29.Re6+ Kh5 30.Qf3+ Kg5 31.h4+ Kxh4 32.g3+ Kg5 33.Qf4+ Kh5 34.Qxf5+  1-0

[Event "Anibal op 5th"]
[Site "Linares"]
[Date "1998.01.27"]
[Round "8"]
[White "Rodriguez Lopez, Rafael"]
[Black "Thipsay, Praveen Mahadeo"]
[Result "0-1"]
[WhiteElo "2285"]
[BlackElo "2515"]

1.e4 c5 2.Nf3 e6 3.d4 cxd4 4.Nxd4 Nc6 5.Nb5 d6 6.c4 Nf6 7.N1c3 a6 8.Na3 Be7
9.Be2 O-O 10.O-O b6 11.Be3 Bb7 12.Qb3 Nd7 13.Rfd1 Nc5 14.Qc2 Bf6 15.f3 Be5
16.Kh1 Qh4 17.Bg1 f5 18.exf5 Rxf5 19.f4 Nb4 20.Qd2 Bxf4 21.Qe1 Qh6 22.Bg4 Nbd3
23.Qe2 Nf2+ 24.Qxf2 Bxh2 25.Qxf5 exf5 26.Bxh2 fxg4 27.Rxd6 Qg5 28.Bg3 h5
29.Re1 h4  0-1

[Event "Ubeda op"]
[Site "Ubeda"]
[Date "1998.01.27"]
[Round "8"]
[White "Prasad, Devaki V"]
[Black "Luther, Thomas"]
[Result "0-1"]
[WhiteElo "2400"]
[BlackElo "2510"]

1.e4 c5 2.Nf3 e6 3.d4 cxd4 4.Nxd4 Nc6 5.Nb5 d6 6.Bf4 e5 7.Be3 Nf6 8.Bg5 Be6
9.Bxf6 gxf6 10.Nd2 a6 11.Nc3 Rg8 12.Nc4 Rc8 13.Ne3 Bh6 14.Ncd5 Bxe3 15.Nxe3 Qb6
16.Bd3 Qb4+ 17.Qd2 Qxb2 18.O-O Qb4 19.Qe2 Qc5 20.Qh5 Ke7 21.Rab1 Qa7 22.Bc4 Rg7
23.Bd5 b5 24.Qh6 Kf8 25.Qxf6 Qe7 26.Qh6 Nd4 27.Kh1 Kg8 28.f4 Rg6 29.Qh5 exf4
30.Rxf4 Qg5 31.Qxg5 Rxg5 32.h4 Rg3 33.Rd1 Nxc2 34.Nf1 Rg6 35.Bb7 Rb8 36.Bd5 Nb4
37.a3 Nxd5 38.exd5 Bg4 39.Rdd4 Be2 40.Ne3 Re8 41.Nf5 Kf8 42.g4 Re5 43.h5 Rxg4
44.Rxg4 Bxg4 45.Nxd6 Bf3+  0-1

[Event "Anibal op 5th"]
[Site "Linares"]
[Date "1998.01.28"]
[Round "9"]
[White "Timoshenko, Georgy"]
[Black "Luther, Thomas"]
[Result "1-0"]
[WhiteElo "2560"]
[BlackElo "2510"]

1.e4 c5 2.Nf3 e6 3.d4 cxd4 4.Nxd4 Nc6 5.Nb5 Nf6 6.N1c3 d6 7.Bf4 e5 8.Bg5 a6
9.Na3 b5 10.Bxf6 gxf6 11.Nd5 f5 12.c3 Bg7 13.exf5 Bxf5 14.Nc2 O-O 15.Nce3 Be6
16.g3 f5 17.Bg2 Rb8 18.Qh5 b4 19.O-O bxc3 20.bxc3 Ne7 21.Rfd1 e4 22.Rac1 Nxd5
23.Nxd5 Rb2 24.c4 Rxa2 25.g4 Bxd5 26.Rxd5 e3 27.Rxf5 exf2+ 28.Kf1 Qe7 29.Rxf8+ Bxf8
30.Qd5+ Kh8 31.Be4 Qg7 32.Qf5 a5 33.Rc3 Ra1+ 34.Kxf2 Qd4+ 35.Re3 Ra2+ 36.Kf1 Qxc4+
37.Bd3 Qc1+ 38.Re1 Qh6 39.g5 Qg7 40.Re8 Ra1+ 41.Kg2 Ra2+ 42.Kh3  1-0

[Event "Novak Nikolic mem 1st"]
[Site "Belgrade"]
[Date "1998.02.09"]
[Round "4"]
[White "Maric, Dragan"]
[Black "Cvetkovic, Srdjan"]
[Result "0-1"]
[WhiteElo "2325"]
[BlackElo "2430"]

1.e4 c5 2.Nf3 e6 3.d4 cxd4 4.Nxd4 Nc6 5.Nb5 d6 6.c4 Nf6 7.N1c3 a6 8.Na3 Be7
9.Be2 O-O 10.O-O b6 11.Be3 Bb7 12.Qb3 Nd7 13.Rad1 Qc7 14.f4 Nc5 15.Qc2 Rac8
16.Bf3 Rfe8 17.g4 Bf8 18.g5 Qb8 19.Bg2 b5 20.cxb5 axb5 21.Naxb5 Ba6 22.a4 Nb4
23.Qd2 Nxa4 24.Nxa4 Qxb5 25.Nc3 Qb8 26.Rf3 d5 27.Rh3 d4 28.Bxd4 Red8 29.Qf2 Rxd4
30.Rxd4 Bc5 31.Rd8+ Rxd8 32.Qxc5 Nd3 33.Qe3 Qxb2  0-1

[Event "Szeged TT03 IM"]
[Site "Szeged"]
[Date "1998.03.26"]
[Round "8"]
[White "Rodriguez Lopez, Rafael"]
[Black "Dovzik, Juri"]
[Result "1/2-1/2"]
[WhiteElo "2285"]
[BlackElo "2375"]

1.e4 c5 2.Nf3 e6 3.d4 cxd4 4.Nxd4 Nc6 5.Nb5 Nf6 6.N1c3 d6 7.Bf4 e5 8.Bg5 a6
9.Na3 Be6 10.Bxf6 gxf6 11.Bc4  1/2-1/2

[Event "Budapest FS04 IM"]
[Site "Budapest"]
[Date "1998.04.07"]
[Round "4"]
[White "Hera, Imre Jr"]
[Black "Murzin, Lenar"]
[Result "1/2-1/2"]
[WhiteElo "2245"]
[BlackElo "2240"]

1.e4 c5 2.Nf3 e6 3.d4 cxd4 4.Nxd4 Nc6 5.Nb5 d6 6.Bf4 e5 7.Be3 a6 8.N5c3 Nf6
9.Bc4 Be7 10.Nd5 Nxd5 11.Bxd5 O-O 12.O-O Kh8 13.Nc3 f5 14.exf5 Bxf5 15.a3 Qe8
16.Be4 Qg6 17.Bxf5 Rxf5 18.Nd5 Raf8 19.Qd3 Bg5 20.Rad1 Qf7 21.Bxg5 Rxg5 22.f4 Rf5
23.fxe5 Rxf1+ 24.Rxf1 Qxf1+ 25.Qxf1 Rxf1+ 26.Kxf1 Nxe5 27.b3 Kg8 28.Ne7+ Kf8
29.Nf5 Nf7 30.Kf2 g6 31.Nd4 Ne5 32.h3 Ke7 33.Ke3 d5 34.Ne2 Kd6 35.Kf4 Ke6
36.g4 h6 37.h4 Kf6 38.h5 g5+ 39.Kg3 Nc6 40.Kf3 Ke6 41.c3 Ne5+ 42.Kg3 Nc6
43.Kf3 Kd6 44.Nd4 Nxd4+ 45.cxd4 Kc6 46.Ke3 Kb5 47.Kd3 a5 48.Kc3 a4 49.b4  1/2-1/2

[Event "Neckar op 2nd"]
[Site "Deizisau"]
[Date "1998.04.10"]
[Round "6"]
[White "Ginsburg, Gennadij"]
[Black "Leito, Priit"]
[Result "0-1"]
[WhiteElo "2470"]
[BlackElo "2355"]

1.e4 c5 2.Nf3 e6 3.d4 cxd4 4.Nxd4 Nc6 5.Nb5 d6 6.c4 Nf6 7.N1c3 a6 8.Na3 Be7
9.Be2 O-O 10.O-O b6 11.Be3 Ne5 12.Qb3 Ned7 13.Rfd1 Qc7 14.Rac1 Bb7 15.f3 Rac8
16.Kh1 Qb8 17.Rd2 Bd8 18.Qd1 Bc7 19.Qg1 Kh8 20.Rcd1 Rg8 21.Bg5 h6 22.Bf4 Ne5
23.Be3 Ned7 24.Bf4 Ne5 25.Be3 Ned7 26.Nc2 g5 27.Qf2 Rg6 28.Nd4 Qa8 29.b4 Ne5
30.Nb3 g4 31.Qh4 gxf3 32.gxf3 Kh7 33.Rg1 Neg4 34.Rxg4 Nxg4 35.fxg4 Bxe4+
36.Kg1 Bf3 37.Bd3 f5 38.h3 Rcg8 39.Kf2 Be4 40.Nxe4 fxe4 41.Be2 b5 42.cxb5 axb5
43.Rc2 R8g7 44.g5 Bd8 45.Bh5 Rxg5 46.Bg4 Qd5 47.Rc8 Bf6 48.Re8 R5g6 49.Qg3 Be5  0-1

[Event "Budapest FS04 GM"]
[Site "Budapest"]
[Date "1998.04.16"]
[Round "13"]
[White "Acs, Peter"]
[Black "Fogarasi, Tibor"]
[Result "1/2-1/2"]
[WhiteElo "2450"]
[BlackElo "2440"]

1.e4 c5 2.Nf3 e6 3.d4 cxd4 4.Nxd4 Nc6 5.Nb5 d6 6.Bf4 e5 7.Be3 a6 8.N5c3 Nf6
9.Bg5 Be7 10.Bxf6 Bxf6 11.Bc4 O-O 12.O-O Be6 13.Nd5 b5 14.Bb3 Bg5 15.Nbc3 Rc8
16.a4 b4 17.Ne2 a5 18.c3 Rb8 19.Bc4 bxc3 20.bxc3 Ne7 21.Qd3 Rb2 22.Ra2 Rxa2
23.Bxa2 Qd7 24.Qb5 Nxd5 25.Bxd5 Qxb5 26.axb5 Bxd5 27.exd5 Bd8 28.c4 Bb6 29.Nc3 f5
30.Na4 Bd4 31.b6 Rb8 32.Rb1 Kf7 33.g3 g5 34.Rb5 Rc8 35.b7 Rb8 36.c5 dxc5
37.Nxc5 Bxc5 38.Rxc5 Rxb7 39.Rxa5 Rb1+ 40.Kg2 Rd1 41.Ra7+ Kf6 42.Ra6+  1/2-1/2

[Event "Neubrandenburg op"]
[Site "Neubrandenburg"]
[Date "1998.05.09"]
[Round "4"]
[White "Teschke, Olaf"]
[Black "Vogt, Lothar"]
[Result "0-1"]
[WhiteElo "2150"]
[BlackElo "2510"]

1.e4 c5 2.Nf3 e6 3.d4 cxd4 4.Nxd4 Nc6 5.Nb5 d6 6.c4 Nf6 7.N1c3 a6 8.Na3 Be7
9.Be2 O-O 10.Be3 b6 11.O-O Bb7 12.Qb3 Nd7 13.Rfd1 Nc5 14.Qc2 Bf6 15.f4 Bxc3
16.bxc3 Ne7 17.Bf3 Qc7 18.f5 exf5 19.exf5 Bxf3 20.gxf3 f6 21.Bf4 Rad8 22.Rab1 Qc6
23.Kg2 Rfe8 24.Re1 Qc8 25.Rbd1 Nxf5 26.Rxe8+ Rxe8 27.Qd2 Kh8 28.Nc2 Ne6 29.Bxd6 Qxc4
30.Nd4 Nexd4  0-1

[Event "Szeged TT05 IM"]
[Site "Szeged"]
[Date "1998.05.21"]
[Round "1"]
[White "Revuckij, Vladimir"]
[Black "Dovzik, Juri"]
[Result "0-1"]
[WhiteElo "2215"]
[BlackElo "2375"]

1.e4 c5 2.Nf3 e6 3.d4 cxd4 4.Nxd4 Nc6 5.Nb5 Nf6 6.N1c3 d6 7.Bf4 e5 8.Bg5 a6
9.Bxf6 gxf6 10.Na3 b5 11.Nd5 f5 12.exf5 Bxf5 13.c3 Bg7 14.Nc2 O-O 15.Nce3 Be6
16.Bd3 f5 17.Qh5 e4 18.Bc2 Ne7 19.Nf4 Bf7 20.Bb3 d5 21.Qg5 h6 22.Qg3 Ra7
23.Rd1 Rd7 24.O-O Kh7 25.Qh3 Be5 26.Ne2 Bg6 27.Nd4 Bxd4 28.Rxd4 f4 29.Ng4 Nf5
30.Rfd1 Qg5 31.Rxd5 Rxd5 32.Rxd5 h5 33.Ne5 f3 34.Kf1 Ne3+ 35.Ke1  0-1

[Event "Garcia mem Masters"]
[Site "Santa Clara"]
[Date "1998.05.25"]
[Round "2"]
[White "Rohl, Juan"]
[Black "Andonovski, Ljubisa"]
[Result "1/2-1/2"]
[WhiteElo "2375"]
[BlackElo "2395"]

1.e4 c5 2.Nf3 e6 3.d4 cxd4 4.Nxd4 Nc6 5.Nb5 d6 6.c4 Nf6 7.N1c3 a6 8.Nd4 Bd7
9.Be2 Be7 10.O-O O-O 11.b3 Rb8 12.a4 Qa5 13.Bb2 Rfd8 14.Nc2 Be8 15.Ne3 Nd7
16.Rb1 Nc5 17.Ba1 Bf6 18.Qc1 Bd4 19.Rd1 Be5 20.Ng4 Nd7 21.Nxe5 dxe5 22.Bf1  1/2-1/2

[Event "Keres mem op"]
[Site "Tallin"]
[Date "1998.06.15"]
[Round "2"]
[White "Zjukin, Sergei"]
[Black "Fomina, Tatyana"]
[Result "1-0"]
[WhiteElo "2425"]
[BlackElo "2240"]

1.e4 c5 2.Nf3 e6 3.d4 cxd4 4.Nxd4 Nc6 5.Nb5 d6 6.c4 Nf6 7.N1c3 a6 8.Na3 b6
9.Be2 Bb7 10.O-O Be7 11.Be3 Rb8 12.Rc1 O-O 13.f3 Re8 14.Bf2 d5 15.exd5 exd5
16.cxd5 Nb4 17.d6 Bxd6 18.Nc4 Bc5 19.Bxc5 bxc5 20.Nd6 Re7 21.Nxb7 Rexb7 22.Qxd8+ Rxd8
23.Rfd1 Re8 24.a3 Na2 25.Bxa6 Rxb2 26.Nxa2 Rxa2 27.Ra1 Rxa1 28.Rxa1 Rb8 29.a4 Kf8
30.a5 Ke7 31.Bc4 Rb7 32.Kf2 Kd6 33.a6 Ra7 34.Bxf7 Nd5 35.Bg8 Nb4 36.Bxh7 c4
37.Be4 c3 38.Ke2 Kc5 39.Bb7 g5 40.Ra5+ Kc4 41.Ra4  1-0

[Event "Copenhagen op"]
[Site "Copenhagen"]
[Date "1998.06.22"]
[Round "2"]
[White "El Kher, Henrik"]
[Black "Petersen, Peter Birk"]
[Result "1-0"]
[WhiteElo "2285"]
[BlackElo "2195"]

1.e4 c5 2.Nf3 e6 3.d4 cxd4 4.Nxd4 Nc6 5.Nb5 d6 6.Bf4 e5 7.Be3 a6 8.N5c3 Nf6
9.Bg5 Be7 10.Nd2 Be6 11.Nc4 Nd4 12.Bd3 O-O 13.O-O Rc8 14.Bxf6 Bxf6 15.Ne3 g6
16.Ncd5 Bg7 17.c3 Nc6 18.Bc2 Kh8 19.Kh1 f5 20.exf5 gxf5 21.Qh5 e4 22.f3 Nd4
23.Bb1 exf3 24.cxd4 Bxd4 25.Bd3 fxg2+ 26.Kxg2 Rc5 27.Nf4 Rg8+ 28.Kh1 Bd7
29.Neg2 Rg5 30.Qh4 Qf6 31.Be2 Bc6 32.Bf3 Bxf3 33.Rxf3 Bxb2 34.Re1 Be5 35.Ne6  1-0

[Event "Saitek US Masters"]
[Site "Hawaii"]
[Date "1998.07.27"]
[Round "7"]
[White "Gufeld, Eduard"]
[Black "Garbett, Paul Anthony"]
[Result "1/2-1/2"]
[WhiteElo "2465"]
[BlackElo "2360"]

1.e4 c5 2.Nf3 e6 3.d4 cxd4 4.Nxd4 Nc6 5.Nb5 d6 6.c4 Nf6 7.N1c3 a6 8.Na3 Be7
9.Be2 O-O 10.O-O b6 11.Be3 Bb7 12.Qb3 Nd7 13.Rac1 Nc5 14.Qc2 Bf6 15.Rfd1 Qe7
16.Nab1 Nb4 17.Qd2 Rfd8 18.Bd4 a5 19.Bxf6 Qxf6 20.Qe3 d5 21.cxd5 exd5 22.exd5 Nxd5
23.Nxd5 Rxd5 24.Rxd5 Bxd5 25.Nc3 Bc6 26.Rd1 Re8 27.Qd2  1/2-1/2

[Event "ESP-ch"]
[Site "Linares"]
[Date "1998.08.14"]
[Round "3"]
[White "Garcia Luengo, Leandro"]
[Black "De la Riva Aguado, Oscar"]
[Result "0-1"]
[WhiteElo "2160"]
[BlackElo "2510"]

1.e4 c5 2.Nf3 Nc6 3.d4 cxd4 4.Nxd4 e6 5.Nb5 d6 6.c4 Nf6 7.N1c3 a6 8.Na3 Be7
9.Be2 O-O 10.O-O b6 11.Be3 Bb7 12.f3 Ne5 13.Qd2 Re8 14.Rfd1 Rc8 15.Rac1 Bf8
16.Qd4 Ned7 17.Nc2 d5 18.e5 Bc5 19.Qf4 Qc7 20.b4 Bxe3+ 21.Nxe3 Qxe5 22.Qxe5 Nxe5
23.cxd5 exd5 24.Ncxd5 Rxc1 25.Nxf6+ gxf6 26.Rxc1 Nxf3+ 27.Bxf3 Bxf3 28.Nc4 Bd5
29.Nxb6 Bxa2 30.Rc5 Re1+ 31.Kf2 Rb1 32.Ra5 Rxb4 33.Rxa6 Be6 34.h3 Kg7 35.Kf3 Kg6
36.Kf2 h5 37.Kg1 h4 38.Na4 Bc4 39.Ra5 Rb1+ 40.Kh2 Ra1 41.Nb2 Rxa5 42.Nxc4 Ra2
43.Ne3 Kg5 44.Ng4 Re2 45.Kg1 f5 46.Nh2 Kf4 47.Nf1 Re1 48.Kf2 Rxf1+  0-1

[Event "Hampstead GM3"]
[Site "Hampstead"]
[Date "1998.08.20"]
[Round "10"]
[White "McDonald, Neil R"]
[Black "Plaskett, Jim"]
[Result "0-1"]
[WhiteElo "2490"]
[BlackElo "2455"]

1.e4 c5 2.Nf3 e6 3.d4 cxd4 4.Nxd4 Nc6 5.Nb5 d6 6.Bf4 e5 7.Be3 Be6 8.Nd2 Nf6
9.Bg5 Be7 10.Bxf6 Bxf6 11.Nc4 O-O 12.Qxd6 Qc8 13.c3 Be7 14.Qd2 Rd8 15.Qe3 Nd4
16.cxd4 Bxc4 17.Rc1 Bb4+ 18.Kd1 exd4 19.Nxd4 Bc5 20.Bxc4 Rxd4+ 21.Bd3 Qg4+
22.Kd2 Bb6 23.h3 Qe6 24.Ke2 Rad8 25.Rhd1 Qxa2 26.Rc2 h6 27.Qc1 Qe6 28.Rc3 Qf6
29.Rf1 Qg6 30.Qf4 Qxg2 31.Qg4 Qh2 32.Qg3 Qxg3 33.fxg3 Kf8 34.Rb3 Ke7 35.Rf5 R8d7
36.Re5+ Kd8 37.Bb5 Re7 38.Rxe7 Kxe7 39.Kf3 Rd2  0-1

[Event "GER-ENG (Women)"]
[Site "Dresden"]
[Date "1998.08.23"]
[Round "8"]
[White "Weng, Annegret"]
[Black "Sheldon, Ruth"]
[Result "0-1"]
[WhiteElo "2175"]
[BlackElo "2220"]

1.e4 c5 2.Nf3 e6 3.d4 cxd4 4.Nxd4 Nc6 5.Nb5 d6 6.c4 Nf6 7.N1c3 a6 8.Na3 Be7
9.Be2 O-O 10.O-O Bd7 11.Be3 Qb8 12.f3 Na7 13.Qd3 Bc6 14.Rfd1 Nd7 15.Bf1 Bd8
16.Kh1 Nc8 17.Nc2 Bb6 18.Nd4 Ne5 19.Qd2 Bc5 20.a3 a5 21.Ncb5 a4 22.Rac1 Bd7
23.Be2 Bxb5 24.Nxb5 Nc6 25.f4 Na5 26.Rc3 Nb3 27.Qd3 Ra6 28.Bxc5 dxc5 29.e5 Ne7
30.Nd6 Nd4 31.Qe4 Rxd6 32.exd6 Qxd6 33.Qxb7 Rb8 34.Qa7 Nec6 35.Qxa4 Qxf4
36.Rf1 Qd6 37.Bf3 Ne5 38.Rd1 Rxb2 39.Qe8+ Qf8 40.Qa4 Nexf3 41.gxf3 Qb8  0-1